00329nam a2200121Ia 4500008004100000041001200041082001600053100002000069245003700089260005700126300000800183650001600191221030s9999 xx 000 0 und d aEnglish a105.23bMuk aP. Mukhopadhyay 0aAnalysis & Processing Of Signals bQIP Center, University Of Roorkee, RoorkeeaIndiac0 a206 aBE Computer